Metódy vzdelávania a ich aplikovateľnosť v ďalšom profesijnom vzdelávaní diplomová práca

Uložené v:
Podrobná bibliografia
Hlavný autor: Ovesná, Katarína
Korporativný autor: Fakulta podnikového manažmentu EU. Katedra manažmentu
Ďalší autori: Matulčíková, Marta, 1964-
Médium: Kniha
Jazyk:Slovak
Vydavateľské údaje: Bratislava 2018
Tagy: Pridať tag
Žiadne tagy, Buďte prvý, kto otaguje tento záznam!

MARC

LEADER 00000nbm a2200000 4500
001 0244655
005 20180920131505.5
041 0 |a slo 
044 |a SK 
245 1 0 |a Metódy vzdelávania a ich aplikovateľnosť v ďalšom profesijnom vzdelávaní  |b diplomová práca  |c Katarína Ovesná ; školiteľ: Marta Matulčíková 
264 1 |a Bratislava  |c 2018 
300 |a 78 s. 
100 1 |a Ovesná, Katarína 
700 1 |a Matulčíková, Marta, 1964- 
710 2 |a Fakulta podnikového manažmentu EU. Katedra manažmentu